| 000 | 00516nam a2200181Ia 4500 | ||
|---|---|---|---|
| 008 | 220531s9999 xx 000 0 und d | ||
| 041 | _amar | ||
| 082 | _bBAV/VAI | ||
| 100 |
_aबावीकर, रुमा आणि वैद्य, विद्या _979891 |
||
| 245 | _aसामाजिक गटकार्य | ||
| 250 | _a1ST | ||
| 260 |
_aPune _bDiamand _c2016 |
||
| 300 | _a193 | ||
| 542 | _d26-03-2018 | ||
| 650 |
_aSociology _979892 |
||
| 906 |
_d2017-2018 _f12201 |
||
| 999 |
_c44189 _d44189 |
||